[Event "4NCL/Div1/GUI1 vs. BRI1"]
[Site "Telford ENG"]
[Date "2003.04.13"]
[Round "8.2"]
[White "Cobb, Charles"]
[Black "Kosten, Anthony C"]
[Result "1-0"]
[WhiteElo "2331"]
[BlackElo "2545"]
[PlyCount "107"]
[EventDate "2003.04.13"]

1. c4 c5 2. Nf3 Nc6 3. Nc3 Nf6 4. e3 e6 5. d4 d5 6. a3 a6 7. dxc5 Bxc5 8. b4
Ba7 9. cxd5 exd5 10. Bb2 O-O 11. Be2 Re8 12. O-O Bg4 13. h3 Bf5 14. b5 Na5 15.
bxa6 bxa6 16. Bxa6 Rxe3 17. fxe3 Bxe3+ 18. Kh1 Rxa6 19. Ne5 Bc8 20. Rxf6 gxf6
21. Nxd5 fxe5 22. Nxe3 Qg5 23. Qa4 Nc6 24. Qe4 Be6 25. Rf1 Nd4 26. Bxd4 exd4
27. Qxd4 Rxa3 28. Rf3 h5 29. h4 Qg6 30. Kh2 Rd3 31. Qf4 Kh7 32. Rg3 Bg4 33.
Nxg4 Rxg3 34. Nf6+ Kg7 35. Nxh5+ Qxh5 36. Qxg3+ Kh7 37. Qf4 Qd5 38. Kg3 Qd3+
39. Kh2 Qd5 40. Qf6 Kg8 41. Qg5+ Qxg5 42. hxg5 Kh7 43. Kg3 Kg7 44. Kf4 Kg6 45.
Kg4 Kh7 46. Kf5 Kg7 47. g3 Kg8 48. Kf6 Kf8 49. g6 fxg6 50. Kxg6 Kg8 51. g4 Kh8
52. g5 Kg8 53. Kh6 Kh8 54. g6 1-0

[Event "4NCL/Div1/GUI1 vs. BRI1"]
[Site "Telford ENG"]
[Date "2003.04.13"]
[Round "8.3"]
[White "Hebden, Mark L"]
[Black "Burgess, Graham"]
[Result "1-0"]
[WhiteElo "2526"]
[BlackElo "2293"]
[PlyCount "59"]
[EventDate "2003.04.13"]

1. d4 d5 2. c4 c6 3. Nf3 Nf6 4. e3 Bg4 5. h3 Bxf3 6. Qxf3 e6 7. Bd3 Nbd7 8. O-O
Bd6 9. Nc3 O-O 10. Rd1 Qe7 11. Bd2 Rfe8 12. Qe2 dxc4 13. Bxc4 e5 14. d5 e4 15.
dxc6 bxc6 16. Na4 Qe5 17. g3 Qf5 18. Qf1 Ne5 19. Be2 Nf3+ 20. Bxf3 exf3 21.
Rac1 Ne4 22. Be1 Re6 23. Rxc6 Rh6 24. Nc3 Ng5 25. Rcxd6 g6 26. g4 Qe5 27. Rd8+
Rxd8 28. Rxd8+ Kg7 29. Nd5 Ne4 30. Bb4 1-0

[Event "4NCL/Div1/GUI1 vs. BRI1"]
[Site "Telford ENG"]
[Date "2003.04.13"]
[Round "8.4"]
[White "Beaumont, Chris"]
[Black "Gormally, Daniel W"]
[Result "1-0"]
[WhiteElo "2328"]
[BlackElo "2496"]
[PlyCount "69"]
[EventDate "2003.04.13"]

1. Nf3 Nf6 2. c4 e6 3. d4 Bb4+ 4. Nbd2 b6 5. e3 Bb7 6. Bd3 O-O 7. O-O d5 8. a3
Bxd2 9. Bxd2 dxc4 10. Bxc4 Nbd7 11. Qe2 c5 12. Rfd1 Ne4 13. Be1 cxd4 14. Nxd4
Qe7 15. f3 Nd6 16. Ba2 e5 17. Nb5 Ba6 18. Qd2 Bxb5 19. Qxd6 Qg5 20. Rd5 a6 21.
Rxb5 axb5 22. Qxd7 Qxe3+ 23. Kf1 Qh6 24. Bb4 Rfd8 25. Bxf7+ Kh8 26. Qh3 Qf4 27.
Bg6 Qc4+ 28. Ke1 h6 29. Be4 Qd4 30. Qf5 Kg8 31. Qh7+ Kf7 32. Bg6+ Ke6 33. Bf5+
Kf7 34. Be6+ Ke8 35. Qg8# 1-0

[Event "4NCL/Div1/GUI1 vs. BRI1"]
[Site "Telford ENG"]
[Date "2003.04.13"]
[Round "8.5"]
[White "Matros, Alexander"]
[Black "Buckley, Simon T"]
[Result "1-0"]
[WhiteElo "2452"]
[BlackElo "2266"]
[PlyCount "73"]
[EventDate "2003.04.13"]

1. d4 Nf6 2. c4 c6 3. Nc3 d5 4. Nf3 a6 5. cxd5 cxd5 6. Bg5 Nc6 7. e3 e6 8. Bd3
Be7 9. O-O O-O 10. Rc1 Bd7 11. Ne5 Ne8 12. Bxe7 Qxe7 13. Qb3 Nxe5 14. dxe5 Bc6
15. Ne2 f6 16. Nd4 fxe5 17. Nxc6 bxc6 18. Rxc6 Nf6 19. Bxa6 Rfb8 20. Qc3 Qd7
21. Rc1 d4 22. Qc4 dxe3 23. fxe3 Rxb2 24. Rxe6 Kh8 25. Bc8 Qf7 26. a4 Qg6 27.
Qf1 Rbb8 28. Rec6 Qg5 29. Qd3 h6 30. Be6 e4 31. Qd2 Qe5 32. h3 Rb2 33. Qc3 Qxc3
34. R1xc3 Rxa4 35. Rc8+ Kh7 36. Bf5+ g6 37. R3c7+ 1-0

[Event "4NCL/Div1/GUI1 vs. BRI1"]
[Site "Telford ENG"]
[Date "2003.04.13"]
[Round "8.6"]
[White "Headlong, Timothy"]
[Black "Prie, Eric"]
[Result "0-1"]
[WhiteElo "2208"]
[BlackElo "2446"]
[PlyCount "88"]
[EventDate "2003.04.13"]

1. c4 c6 2. e4 d5 3. exd5 cxd5 4. d4 Nf6 5. Nc3 Nc6 6. Nf3 Bg4 7. cxd5 Nxd5 8.
Qb3 Bxf3 9. gxf3 Nb6 10. Be3 e6 11. O-O-O Be7 12. d5 exd5 13. Nxd5 Nxd5 14.
Rxd5 Qc7 15. Kb1 O-O 16. f4 Nb4 17. Rd2 Qc6 18. Rg1 Rad8 19. Qc4 Rxd2 20. Bxd2
Qd7 21. Bxb4 Qd1+ 22. Qc1 Qxc1+ 23. Kxc1 Bxb4 24. f5 Rc8+ 25. Kb1 Rd8 26. Bg2
Rd2 27. Bxb7 Rxf2 28. Be4 Rxh2 29. Rd1 Rd2 30. Rxd2 Bxd2 31. Kc2 Bf4 32. Bf3 g6
33. fxg6 hxg6 34. b4 f5 35. a4 Kf7 36. Kd3 g5 37. b5 Bc7 38. Kc4 g4 39. Be2 Kf6
40. Kb4 Kg5 41. a5 f4 42. b6 Bxb6 43. axb6 axb6 44. Kc4 f3 0-1

[Event "4NCL/Div1/GUI1 vs. BRI1"]
[Site "Telford ENG"]
[Date "2003.04.13"]
[Round "8.7"]
[White "Baker, Christopher W"]
[Black "Collier, David O"]
[Result "1-0"]
[WhiteElo "2359"]
[BlackElo "2273"]
[PlyCount "81"]
[EventDate "2003.04.13"]

1. c4 Nf6 2. Nf3 e6 3. g3 b6 4. Bg2 Bb7 5. O-O Be7 6. Nc3 O-O 7. d3 d5 8. Bf4
Bd6 9. Qd2 Nbd7 10. Bxd6 cxd6 11. Nd4 Qe7 12. Rac1 Rfc8 13. cxd5 Nxd5 14. Nxd5
Bxd5 15. Bxd5 exd5 16. Qf4 Ne5 17. Nf5 Qf6 18. d4 Ng6 19. Nh6+ Kf8 20. Qxf6
gxf6 21. Nf5 Re8 22. e3 Re6 23. Rc7 Ne7 24. Nh4 Ng6 25. Ng2 Re7 26. Rfc1 Rd8
27. h4 h5 28. Ne1 Rdd7 29. R7c6 Re8 30. Nd3 Red8 31. Kg2 Ke7 32. Kf3 f5 33. Nb4
Ke6 34. Rc8 Ne7 35. Rxd8 Rxd8 36. Rc7 Rd7 37. Rxd7 Kxd7 38. Nd3 Ng8 39. Kf4 Ke6
40. Kg5 f6+ 41. Kxh5 1-0

[Event "4NCL/Div1/GUI1 vs. BRI1"]
[Site "Telford ENG"]
[Date "2003.04.13"]
[Round "8.8"]
[White "Buckley, Melanie"]
[Black "Flear, Christine"]
[Result "1/2-1/2"]
[WhiteElo "2145"]
[BlackElo "2213"]
[PlyCount "38"]
[EventDate "2003.04.13"]

1. e4 c5 2. Nc3 Nc6 3. g3 g6 4. Bg2 Bg7 5. d3 Rb8 6. Be3 d6 7. Qd2 b5 8. Nge2
b4 9. Nd1 Bg4 10. h3 Bd7 11. O-O Nd4 12. f4 Ba4 13. Rc1 e6 14. Kh2 f5 15. Ng1
Ne7 16. c3 Bxd1 17. Rfxd1 bxc3 18. bxc3 Ndc6 19. exf5 gxf5 1/2-1/2

[Event "4NCL/Div1/WGR1 vs. SLO1"]
[Site "Telford ENG"]
[Date "2003.04.13"]
[Round "8.2"]
[White "Houska, Jovanka"]
[Black "Lalic, Bogdan"]
[Result "1/2-1/2"]
[WhiteElo "2386"]
[BlackElo "2549"]
[PlyCount "36"]
[EventDate "2003.04.13"]

1. e4 e6 2. d4 d5 3. e5 c5 4. c3 Nc6 5. Nf3 Bd7 6. Be2 Nh6 7. a3 Nf5 8. b4 cxd4
9. cxd4 Rc8 10. Bb2 Nh4 11. Nxh4 Qxh4 12. O-O Qd8 13. Nd2 Be7 14. Rc1 Nb8 15.
Qb3 Rxc1 16. Rxc1 O-O 17. Qe3 Ba4 18. f4 Qb6 1/2-1/2

[Event "4NCL/Div1/WGR1 vs. SLO1"]
[Site "Telford ENG"]
[Date "2003.04.13"]
[Round "8.3"]
[White "Ward, Christopher"]
[Black "Devereaux, Maxim"]
[Result "1-0"]
[WhiteElo "2516"]
[BlackElo "2305"]
[PlyCount "163"]
[EventDate "2003.04.13"]

1. d4 d5 2. c4 c6 3. Nc3 Nf6 4. Nf3 dxc4 5. a4 Bf5 6. Ne5 Nbd7 7. Nxc4 Qc7 8.
Bg5 Nd5 9. f3 f6 10. Bh4 b5 11. Nxd5 cxd5 12. Ne3 e6 13. Nxf5 Bb4+ 14. Kf2 exf5
15. e3 Rc8 16. Bd3 f4 17. Rc1 Qxc1 18. Qxc1 Rxc1 19. Rxc1 Kd8 20. exf4 bxa4 21.
Ra1 a3 22. bxa3 Bc3 23. Rd1 Bxd4+ 24. Kf1 Bc5 25. Bb5 Nb6 26. a4 Ke7 27. Rc1
Rc8 28. a5 Bb4 29. Rb1 Bxa5 30. Ra1 a6 31. Bxa6 Bc3 32. Rb1 Rb8 {(=)} 33. Bd3
h6 34. Bf2 d4 35. Ke2 Kd6 36. Be4 Nd7 37. Rxb8 Nxb8 38. Kd3 Kc5 39. Bh7 Nc6 40.
Bg8 Ne7 41. Be6 Kd6 42. Bb3 Kc5 43. g4 Bb2 44. Ke4 Bc3 45. h4 Kd6 46. Bg3 Kd7
47. Ba4+ Ke6 48. f5+ Kf7 49. Bb3+ Ke8 50. Ba4+ Kf7 51. Bb3+ Ke8 52. Bd6 Be1 53.
h5 Bc3 54. Bc5 Bb2 55. Bc4 Bc3 56. Bb5+ Kf7 57. Bc4+ Ke8 58. Bb3 Bb2 59. f4 Bc3
60. Bc4 Bb2 61. g5 d3 62. Bb5+ Kd8 63. Bb6+ Kc8 64. gxh6 d2 65. Ba4 gxh6 66.
Ba5 Bc1 67. Bc3 Ng8 68. Kd5 d1=Q+ 69. Bxd1 Kd7 70. Ke4 Ke8 71. Bb3 Kf8 72. Bb4+
Kg7 73. Bd6 Bb2 74. Kd5 Bc3 75. Ke6 Bb2 76. Kd7 Bc3 77. Ke8 Bd2 78. Bf7 Be3 79.
Bg6 Bd2 80. Bf8+ Kh8 81. Kf7 Bxf4 82. Bg7# 1-0

[Event "4NCL/Div1/WGR1 vs. SLO1"]
[Site "Telford ENG"]
[Date "2003.04.13"]
[Round "8.4"]
[White "Thiruchelvam, Murugan"]
[Black "Emms, John M"]
[Result "0-1"]
[WhiteElo "2259"]
[BlackElo "2515"]
[PlyCount "68"]
[EventDate "2003.04.13"]

1. e4 e5 2. Nf3 Nc6 3. Bb5 a6 4. Ba4 Nf6 5. O-O Bc5 6. d3 b5 7. Bb3 d6 8. a4
Rb8 9. axb5 axb5 10. h3 O-O 11. Bg5 h6 12. Bh4 Be6 13. Nbd2 Nd4 14. Nxd4 Bxd4
15. c3 Bb6 16. Kh1 Qe7 17. Qe2 Bxb3 18. Nxb3 Qe6 19. Nd2 Nd7 20. Bg3 Ra8 21.
Nf3 Rxa1 22. Rxa1 f5 23. exf5 Qxf5 24. Nh4 Qf7 25. Rd1 Nf6 26. Nf3 Re8 27. Nd2
Qh5 28. Qf1 Rf8 29. Bh2 Nd5 30. g4 Qg6 31. Qg2 Qxd3 32. Bg3 Nf4 33. Bxf4 Rxf4
34. f3 e4 0-1

[Event "4NCL/Div1/WGR1 vs. SLO1"]
[Site "Telford ENG"]
[Date "2003.04.13"]
[Round "8.5"]
[White "Turner, Matthew J"]
[Black "Lappage, Jonathan"]
[Result "1-0"]
[WhiteElo "2519"]
[BlackElo "2208"]
[PlyCount "55"]
[EventDate "2003.04.13"]

1. c4 b6 2. d4 e6 3. Nc3 Bb7 4. Nf3 Bb4 5. Bg5 Nf6 6. e3 h6 7. Bh4 g5 8. Bg3
Ne4 9. Nd2 Bxc3 10. bxc3 Nxd2 11. Qxd2 d6 12. h4 g4 13. h5 Qg5 14. Bf4 Qe7 15.
e4 Bxe4 16. Bxh6 f5 17. c5 dxc5 18. dxc5 Nc6 19. cxb6 axb6 20. Bg5 Qd6 21. Qe3
Ra3 22. Bb5 Qd5 23. Bxc6+ Qxc6 24. Qd4 O-O 25. h6 Qxc3+ 26. Qxc3 Rxc3 27. h7+
Kh8 28. Rd1 1-0

[Event "4NCL/Div1/WGR1 vs. SLO1"]
[Site "Telford ENG"]
[Date "2003.04.13"]
[Round "8.6"]
[White "Smith, Andrew P"]
[Black "Martin, Andrew D"]
[Result "1-0"]
[WhiteElo "2199"]
[BlackElo "2426"]
[PlyCount "107"]
[EventDate "2003.04.13"]

1. e4 c5 2. Nf3 Nc6 3. d4 cxd4 4. Nxd4 Nf6 5. Nc3 e5 6. Ndb5 d6 7. Bg5 a6 8.
Na3 b5 9. Nd5 Be7 10. Bxf6 Bxf6 11. c3 O-O 12. Nc2 Bg5 13. a4 bxa4 14. Rxa4 a5
15. Bc4 Rb8 16. b3 Kh8 17. O-O g6 18. b4 axb4 19. cxb4 Be6 20. b5 Na5 21. Be2
Bd7 22. f4 Bh6 23. fxe5 Bxb5 24. Bxb5 Rxb5 25. Nd4 Rxd5 26. exd5 dxe5 27. Nf3
Bg7 28. Ng5 Qxg5 29. Rxa5 e4 30. Ra4 f5 31. d6 h5 32. Qd5 h4 33. Rxe4 Rd8 34.
d7 h3 35. Re8+ Kh7 36. Rxd8 Qxd8 37. gxh3 Bf6 38. Re1 Qb6+ 39. Kf1 Bd8 40. Re8
Qb1+ 41. Ke2 Qc2+ 42. Qd2 Qc4+ 43. Qd3 Qa2+ 44. Kd1 Qa1+ 45. Ke2 Bh4 46. Qd5
Qe1+ 47. Kd3 Qb1+ 48. Kd4 Qb4+ 49. Ke5 Qb2+ 50. Kd6 Qxh2+ 51. Re5 Kg7 52. Kc7
Qc2+ 53. Qc5 Qd2 54. Re7+ 1-0

[Event "4NCL/Div1/WGR1 vs. SLO1"]
[Site "Telford ENG"]
[Date "2003.04.13"]
[Round "8.7"]
[White "Hunt, Harriet"]
[Black "Wademark, Helge"]
[Result "1-0"]
[WhiteElo "2393"]
[BlackElo "2202"]
[PlyCount "92"]
[EventDate "2003.04.13"]

1. e4 e6 2. Qe2 c5 3. Nf3 Nc6 4. d3 g6 5. g3 d6 6. Bg2 Bg7 7. O-O Nge7 8. c3
O-O 9. a3 Qc7 10. Be3 e5 11. b4 b6 12. Nbd2 f5 13. exf5 Nxf5 14. b5 Nd8 15.
Nxe5 Bb7 {(=)} 16. Nef3 Bxc3 17. Rac1 Bg7 18. d4 Nxe3 19. fxe3 Nf7 20. Qd3 Qe7
21. d5 Rae8 22. Nc4 Bc8 23. Nfd2 Ng5 24. Qe2 Bf5 25. g4 Be4 26. Nxe4 Nxe4 27.
a4 Nf6 28. Rf2 Nd7 29. Rcf1 Rxf2 30. Rxf2 Ne5 31. Nd2 Bh6 32. Ne4 Bg5 33. h3
Kg7 34. Rf1 Rc8 35. Ra1 Nd7 36. a5 Qe5 37. Ra4 Bd8 38. axb6 Bxb6 39. Nd2 Qb2
40. Bf1 Ne5 41. Kg2 c4 42. Nxc4 Qb3 43. Nxb6 Rc2 44. Rxa7+ Kh6 45. Kf2 Nd3+ 46.
Kf3 Ne1+ 1-0

[Event "4NCL/Div1/WGR1 vs. SLO1"]
[Site "Telford ENG"]
[Date "2003.04.13"]
[Round "8.8"]
[White "Armstrong, Malcolm J"]
[Black "Lee, Graham D"]
[Result "0-1"]
[WhiteElo "2151"]
[BlackElo "2367"]
[PlyCount "102"]
[EventDate "2003.04.13"]

1. Nf3 Nf6 2. d4 e6 3. e3 b6 4. Bd3 Bb7 5. Nbd2 c5 6. O-O Be7 7. b3 cxd4 8.
Nxd4 O-O 9. e4 d6 10. Re1 Nc6 11. Nxc6 Bxc6 12. Bb2 Qc7 13. Qe2 Nd7 14. c4 Bf6
15. Bxf6 Nxf6 16. Nf3 e5 17. Rad1 a6 18. Rd2 Rfd8 19. h3 g6 20. Nh2 Nh5 21. g3
Bd7 22. h4 Ng7 23. Ng4 Bxg4 24. Qxg4 Ne6 25. h5 Qe7 26. Kg2 Qg5 27. Qxg5 Nxg5
28. hxg6 hxg6 29. f3 Kg7 30. Rh1 Ne6 31. Kf2 Rh8 32. Rdd1 Nd4 33. Ke3 a5 34.
Rb1 f5 35. exf5 gxf5 36. Kf2 Rxh1 37. Rxh1 a4 38. b4 a3 39. Rb1 Kf6 40. Be2 Rh8
41. Bf1 Kg5 42. Rc1 Ra8 43. b5 Ra4 44. Rc3 f4 45. Kg2 Nf5 46. gxf4+ Kxf4 47.
Be2 Rb4 48. Rxa3 Rb2 49. Kf2 Ng3 50. Rd3 Rxe2+ 51. Kg1 Nf5 0-1

[Event "4NCL/Div1/PYO vs. AD1"]
[Site "Telford ENG"]
[Date "2003.04.13"]
[Round "8.1"]
[White "Haslinger, Stewart"]
[Black "Chandler, Murray G"]
[Result "1/2-1/2"]
[WhiteElo "2385"]
[BlackElo "2517"]
[PlyCount "35"]
[EventDate "2003.04.13"]

1. e4 c5 2. Nf3 Nc6 3. Nc3 Nf6 4. Bb5 Qc7 5. O-O Nd4 6. Re1 a6 7. e5 Nxb5 8.
exf6 Nxc3 9. fxg7 Bxg7 10. dxc3 d6 11. Ng5 h6 12. Bf4 O-O 13. Ne4 Bf5 14. Qh5
Bg6 {(=)} 15. Qh4 h5 16. Rad1 f6 17. Qg3 Kh7 18. Bc1 1/2-1/2

[Event "4NCL/Div1/PYO vs. AD1"]
[Site "Telford ENG"]
[Date "2003.04.13"]
[Round "8.2"]
[White "Hennigan, Michael T"]
[Black "Taylor, Martin R"]
[Result "0-1"]
[WhiteElo "2434"]
[BlackElo "2300"]
[PlyCount "84"]
[EventDate "2003.04.13"]

1. Nf3 d5 2. g3 Nf6 3. Bg2 Nbd7 4. O-O e5 5. d3 g6 6. c4 Bg7 7. cxd5 Nxd5 8.
Nc3 Nxc3 9. bxc3 O-O 10. d4 Re8 11. Re1 c5 12. e4 exd4 13. cxd4 cxd4 14. Bb2
Ne5 15. Nxd4 Nc6 16. Nxc6 Qxd1 17. Rexd1 Bxb2 18. Rab1 Bg7 19. Na5 b6 20. e5
Bf5 21. Bxa8 Bxb1 22. Rxb1 bxa5 23. Bd5 Rxe5 {(=)} 24. Bc4 Bf8 25. Rb7 Re7 26.
Rb5 Rc7 27. Bb3 Bb4 28. Kg2 Kg7 29. Kf3 Re7 30. h4 h5 31. Rb8 Rc7 32. Ke4 Re7+
33. Kd5 Kf6 34. Rc8 Be1 35. Rc4 Re2 36. Rc1 Bxf2 37. Rf1 Kg7 38. Kc4 Bxg3 39.
Kb5 Re5+ 40. Kc6 Re7 41. Rh1 Re4 42. Rf1 Rf4 0-1

[Event "4NCL/Div1/PYO vs. AD1"]
[Site "Telford ENG"]
[Date "2003.04.13"]
[Round "8.3"]
[White "Bigg, Andrew J"]
[Black "Cooper, Lawrence"]
[Result "1/2-1/2"]
[WhiteElo "2292"]
[BlackElo "2331"]
[PlyCount "28"]
[EventDate "2003.04.13"]

1. d4 d5 2. c4 c6 3. Nf3 Nf6 4. Nc3 a6 5. Bg5 Ne4 6. Bf4 Nxc3 7. bxc3 dxc4 8.
e4 b5 9. Be2 e6 10. O-O Bb7 11. Qb1 Qc8 12. a4 Nd7 13. Ne5 Be7 14. Be3 Nxe5
1/2-1/2

[Event "4NCL/Div1/PYO vs. AD1"]
[Site "Telford ENG"]
[Date "2003.04.13"]
[Round "8.4"]
[White "Snape, Ian"]
[Black "Rendle, Thomas E"]
[Result "1-0"]
[WhiteElo "2244"]
[BlackElo "2253"]
[PlyCount "59"]
[EventDate "2003.04.13"]

1. c4 f5 2. Nc3 Nf6 3. g3 g6 4. Bg2 d6 5. d3 Bg7 6. e3 O-O 7. Nge2 Nc6 8. Rb1
e5 9. b4 Ne7 10. f4 c6 11. O-O Be6 12. b5 Qc7 13. Qb3 Rab8 14. Qb4 Rfd8 15. h3
h5 16. Ba3 c5 17. b6 Qd7 18. Qb5 axb6 19. Qxb6 e4 20. dxe4 fxe4 21. Rfd1 Bxh3
22. Bxc5 {(=)} 22... Bxg2 23. Rxd6 Qh3 24. Rxd8+ Kh7 25. Kf2 Ng4+ 26. Ke1 Rxd8
27. Qxd8 Nf5 28. Rxb7 Bf3 29. Bd4 Nxd4 30. Qxd4 1-0

[Event "4NCL/Div1/PYO vs. AD1"]
[Site "Telford ENG"]
[Date "2003.04.13"]
[Round "8.5"]
[White "Hodge, David J"]
[Black "Lyell, Mark"]
[Result "0-1"]
[WhiteElo "2165"]
[BlackElo "2242"]
[PlyCount "72"]
[EventDate "2003.04.13"]

1. e4 e5 2. Nf3 Nc6 3. Bc4 Nf6 4. d3 d5 5. exd5 Nxd5 6. O-O Bc5 7. Re1 O-O 8.
c3 Nb6 9. Bb3 Bg4 10. h3 Bh5 11. Be3 Be7 12. Nbd2 Nd5 13. Qb1 Bg6 14. Bc2 f5
15. Nb3 Nxe3 16. fxe3 Bd6 17. Rf1 Qe7 18. e4 fxe4 19. dxe4 Nd8 20. Qe1 Ne6 21.
Nc1 Ng5 22. Nxg5 Qxg5 23. Rxf8+ Rxf8 24. Nd3 Rf3 25. Kh2 Re3 26. Qf2 Bxe4 27.
Rf1 Bd5 28. Bb3 e4+ 29. Kh1 Rxd3 30. Bxd5+ Qxd5 31. Qh4 h6 32. Qg4 Qe5 33. Kg1
e3 34. Rf5 Qh2+ 35. Kf1 Qh1+ 36. Ke2 Qd1# 0-1

[Event "4NCL/Div1/PYO vs. AD1"]
[Site "Telford ENG"]
[Date "2003.04.13"]
[Round "8.6"]
[White "Broom, Mark"]
[Black "Player, Edmund C"]
[Result "1-0"]
[WhiteElo "2240"]
[BlackElo "2130"]
[PlyCount "59"]
[EventDate "2003.04.13"]

1. c4 e6 2. Nf3 d5 3. g3 Nf6 4. Bg2 Be7 5. O-O O-O 6. d4 dxc4 7. Ne5 Nbd7 8.
Nxc4 c6 9. Nc3 Nb6 10. Qd3 Nfd5 11. a3 Nxc4 12. Qxc4 Qd7 13. Rd1 b5 14. Qb3 b4
15. axb4 Nxb4 16. Bf4 a5 17. e4 Bb7 18. Na4 Rfd8 19. Nb6 Qe8 20. Nxa8 Rxa8 21.
Bc7 Bd8 22. Bxd8 Qxd8 23. Rac1 Qe7 24. Rc5 g6 25. Qc3 Na2 26. Qa3 Nb4 27. Rxa5
Rd8 28. Ra7 c5 29. e5 Rxd4 30. Rxd4 1-0

[Event "4NCL/Div1/PYO vs. AD1"]
[Site "Telford ENG"]
[Date "2003.04.13"]
[Round "8.7"]
[White "Gilbert, Jessie"]
[Black "Anderton, David W"]
[Result "1-0"]
[WhiteElo "2113"]
[BlackElo "2257"]
[PlyCount "79"]
[EventDate "2003.04.13"]

1. d4 Nf6 2. c4 e6 3. Nf3 b6 4. g3 Ba6 5. Qa4 Bb7 6. Bg2 Be7 7. O-O O-O 8. Nc3
d5 9. Ne5 c6 10. Rd1 a6 11. Qc2 Nbd7 12. e4 Rc8 13. Qe2 b5 14. b3 Bb4 15. Bb2
bxc4 16. bxc4 Bxc3 17. Bxc3 Nxe4 18. Bxe4 dxe4 19. Qxe4 Qc7 20. Ba5 Qxa5 21.
Nxd7 Rfd8 22. Nc5 Rc7 23. Rab1 Bc8 24. a4 Re8 25. Qe1 Qxe1+ 26. Rxe1 Kf8 27. a5
Rd8 28. Red1 Ke7 29. f4 f6 30. Kf2 h6 31. h4 h5 32. Ke3 Ra7 33. Rb6 Bd7 34.
Rdb1 Rda8 35. Rb7 Rxb7 36. Rxb7 Rd8 37. Nxa6 Kf8 38. Nc5 Bc8 39. Rb8 Ke7 40. a6
1-0

[Event "4NCL/Div1/PYO vs. AD1"]
[Site "Telford ENG"]
[Date "2003.04.13"]
[Round "8.8"]
[White "Bellin, Jana"]
[Black "Bennet, William D"]
[Result "1-0"]
[WhiteElo "2203"]
[BlackElo "2054"]
[PlyCount "113"]
[EventDate "2003.04.13"]

1. d4 Nf6 2. Nf3 d6 3. c4 Bg4 4. Nc3 Nbd7 5. e4 e5 6. Be2 c6 7. O-O Qc7 8. Be3
Be7 9. h3 Bh5 10. Nd2 Bxe2 11. Qxe2 a6 12. f4 b5 13. Rac1 b4 14. Na4 exd4 15.
Bxd4 c5 16. Bf2 O-O 17. Rfe1 Rad8 18. Nf1 Nb8 19. e5 Ne8 20. Ne3 Qc6 21. Nd5
Qxa4 22. Nxe7+ Kh8 23. b3 Qa5 24. Rcd1 dxe5 25. Rxd8 Qxd8 26. Bxc5 Nd7 27. Rd1
Qc7 28. Bxb4 Qb6+ 29. Kh2 Qxb4 30. Rxd7 Nf6 31. Nd5 Nxd5 32. Rxd5 exf4 33. Qe5
Qa3 34. Qxf4 Qxa2 35. Qxf7 Qa3 36. c5 Rg8 37. Re5 h6 38. Re8 Rxe8 39. Qxe8+ Kh7
40. Qe4+ Kh8 41. Qd5 Qc1 42. Qd6 Qc2 43. c6 Qf5 44. b4 a5 45. bxa5 Qxa5 46. c7
Qf5 47. Qg3 Qc5 48. Qf4 Kg8 49. Kg3 g5 50. Qf6 Qxc7+ 51. Kg4 Qg7 52. Qe6+ Kh8 {
(=)} 53. Kh5 Kh7 54. g4 Qc3 55. Qxh6+ Kg8 56. Qxg5+ Kf8 57. h4 1-0

[Event "4NCL/Div1/BAR2 vs. BET"]
[Site "Telford ENG"]
[Date "2003.04.13"]
[Round "8.1"]
[White "D'Costa, Lorin AR"]
[Black "Pert, Nicholas"]
[Result "1/2-1/2"]
[WhiteElo "2289"]
[BlackElo "2484"]
[PlyCount "57"]
[EventDate "2003.04.13"]

1. d4 d5 2. c4 c6 3. Nc3 Nf6 4. e3 a6 5. Nf3 b5 6. b3 Bg4 7. Be2 e6 8. O-O Nbd7
9. h3 Bh5 10. Bb2 Qb8 11. Ne5 Bxe2 12. Qxe2 Nxe5 13. dxe5 Nd7 14. cxd5 cxd5 15.
f4 Bc5 16. Kh1 Qb7 17. Rad1 Rc8 18. Qg4 O-O 19. Nxd5 h5 20. Qg3 exd5 21. e6 f6
22. exd7 Qxd7 23. Qf3 Rcd8 24. Rd3 Rfe8 25. Rfd1 Qf7 26. Bd4 Bxd4 27. Rxd4 Rd6
28. Rxd5 Rxe3 29. Qxe3 1/2-1/2

[Event "4NCL/Div1/BAR2 vs. BET"]
[Site "Telford ENG"]
[Date "2003.04.13"]
[Round "8.2"]
[White "Ledger, Andrew J"]
[Black "Shikerov, Stefan"]
[Result "1-0"]
[WhiteElo "2428"]
[BlackElo "2339"]
[PlyCount "115"]
[EventDate "2003.04.13"]

1. e4 c5 2. Nc3 Nc6 3. Bb5 Nd4 4. Bc4 d6 5. Nge2 e5 6. O-O Nf6 7. d3 a6 8. Nxd4
cxd4 9. Ne2 Be6 10. c3 Bxc4 11. dxc4 dxc3 12. Nxc3 Rc8 13. Qb3 Qc7 14. Bg5 Be7
15. Rac1 O-O 16. Bxf6 Bxf6 17. Nd5 Qc6 18. Nxf6+ gxf6 19. Qf3 Qb6 20. b3 Qd8
21. Rc3 Re8 22. Qh5 Kf8 23. Qh6+ Ke7 24. Rf3 Qd7 25. Qxf6+ Kf8 26. Qh6+ Ke7 27.
Rd1 Rc6 28. Qxh7 Qe6 29. Qh4+ Kd7 30. Rf6 Qe7 31. Qg4+ Kc7 32. Qg7 Rf8 33. h4
Kb8 34. h5 Qe8 35. Rfxd6 Rxd6 36. Rxd6 Ka7 37. Rd5 f6 38. Rd7 Qc8 39. Rc7 Rg8
40. Rxc8 Rxg7 41. f3 b5 42. g4 Kb6 43. c5+ Ka5 44. Rc6 Rf7 45. Kf2 Kb4 46. Rxa6
Kxc5 47. Ke3 Kb4 48. f4 Rc7 49. Rxf6 Rc3+ 50. Kf2 Rc2+ 51. Kg3 Rxa2 52. fxe5
Kxb3 53. h6 Kc4 54. g5 Kd4 55. h7 Ra8 56. Kf4 b4 57. g6 b3 58. g7 1-0

[Event "4NCL/Div1/BAR2 vs. BET"]
[Site "Telford ENG"]
[Date "2003.04.13"]
[Round "8.3"]
[White "Dishman, Stephen"]
[Black "Eames, Robert G"]
[Result "1-0"]
[WhiteElo "2296"]
[BlackElo "2313"]
[PlyCount "89"]
[EventDate "2003.04.13"]

1. d4 Nf6 2. Bg5 Ne4 3. Bf4 c5 4. f3 Qa5+ 5. c3 Nf6 6. d5 Qb6 7. Bc1 e6 8. c4
exd5 9. cxd5 d6 10. Nc3 g6 11. e4 Bg7 12. Bd3 O-O 13. Nge2 Nbd7 14. Rb1 Ne5 15.
Bc2 Nh5 16. f4 Nc4 17. Qd3 Na5 18. Qf3 Qd8 19. O-O b6 20. f5 Qh4 21. g3 Qd8 22.
g4 Nf6 23. g5 Nd7 24. f6 Ne5 25. Qg3 Bh8 26. Bf4 Re8 27. b3 Ba6 28. Bxe5 Rxe5
29. Rf2 b5 30. Nd1 h5 31. Nf4 b4 32. Ne3 Rc8 33. Qh4 c4 34. Ng4 cxb3 35. axb3
Rxc2 36. Nh6+ Kh7 37. Rxc2 Bxf6 38. Nxf7 Bxg5 39. Nxd8 Bxh4 40. Nde6 g5 41.
Rc7+ Kh8 42. Rxa7 gxf4 43. Rxa6 f3 44. Rxa5 Rxe4 45. Rf1 1-0

[Event "4NCL/Div1/BAR2 vs. BET"]
[Site "Telford ENG"]
[Date "2003.04.13"]
[Round "8.4"]
[White "Hunt, Adam C"]
[Black "Berry, Neil"]
[Result "1/2-1/2"]
[WhiteElo "2366"]
[BlackElo "2293"]
[PlyCount "121"]
[EventDate "2003.04.13"]

1. e4 e6 2. d4 d5 3. Nc3 Bb4 4. e5 Ne7 5. h4 c5 6. a3 Ba5 7. Bd2 Nbc6 8. dxc5
Nxe5 9. h5 h6 10. b4 Bc7 11. Nb5 N5c6 12. Nxc7+ Qxc7 13. Nf3 e5 14. Bc3 d4 15.
Bb2 Bf5 16. Bc4 O-O 17. Nh4 Be6 18. Bxe6 fxe6 19. O-O Nd5 20. Qg4 Rf6 21. Rae1
a6 22. Ng6 Rf5 23. Nh4 Rf6 24. Bc1 Qf7 25. Ng6 Rf5 26. Qg3 Qf6 27. f4 exf4 28.
Bxf4 Nxf4 29. Rxf4 Rxf4 30. Qxf4 Qxf4 31. Nxf4 e5 32. Nd3 Re8 33. Re4 Kf7 34.
a4 Kf6 35. g4 Nd8 36. b5 axb5 37. axb5 Nf7 38. Nb4 Rc8 39. c6 Nd6 40. cxb7 Rb8
41. Rxe5 Rxb7 42. Rd5 Nxb5 43. Nc6 g6 44. hxg6 Kxg6 45. Kf2 Rb6 46. Ne7+ Kf6
47. Nf5 Nc7 48. Rxd4 Kg5 49. Ne3 Rc6 50. Rd7 Ne6 51. Rd5+ Kf4 52. Rf5+ Ke4 53.
Rf6 Nd4 54. Rxc6 Nxc6 55. Nf5 Kf4 56. Nxh6 Kg5 57. Nf7+ Kxg4 58. Ke3 Kf5 59.
Nd6+ Ke5 60. Nb5 Kd5 61. Nc3+ 1/2-1/2

[Event "4NCL/Div1/BAR2 vs. BET"]
[Site "Telford ENG"]
[Date "2003.04.13"]
[Round "8.5"]
[White "Rogers, Jonathan W"]
[Black "Pert, Richard G"]
[Result "1/2-1/2"]
[WhiteElo "2346"]
[BlackElo "2393"]
[PlyCount "121"]
[EventDate "2003.04.13"]

1. Nf3 Nf6 2. c4 g6 3. Nc3 Bg7 4. e4 c5 5. d4 cxd4 6. Nxd4 Nc6 7. Be3 O-O 8.
Be2 d6 9. O-O Bd7 10. Kh1 Nxd4 11. Bxd4 Bc6 12. Qd3 Nd7 13. Bxg7 Kxg7 14. f4 a5
15. Rad1 a4 16. Bf3 f6 17. Bg4 Nc5 18. Qe3 e5 19. f5 g5 20. Rd2 Qc7 21. Bd1
Rfd8 22. Bc2 Qb6 23. h4 h6 24. Bb1 Qc7 25. Rfd1 Qe7 26. Qe2 Rac8 27. Bc2 Rc7
28. Nd5 Bxd5 29. Rxd5 Rcd7 30. R1d2 Kh7 31. Qd1 gxh4 32. Qh5 Qg7 33. Qxh4 Rg8
34. Bd1 Rgd8 35. b4 axb3 36. axb3 Qg5 37. Qxg5 hxg5 38. Bc2 Na6 39. Rb5 Kg7 40.
Rb6 Kf7 41. b4 Ke7 42. Kg1 Nb8 43. b5 Rh8 44. g3 Rh3 45. Kg2 Rh8 46. Bb3 Rh7
47. c5 dxc5 48. Bd5 Rh6 49. Ra2 Rd6 50. Rxb7+ Nd7 51. Raa7 g4 52. Kf2 Rh2+ 53.
Ke3 Rg2 54. Be6 Rxg3+ 55. Kf2 Rgd3 56. b6 Rd2+ 57. Kg3 R6d3+ 58. Kxg4 Rg2+ 59.
Kh4 Rh2+ 60. Kg4 Rg2+ 61. Kh4 1/2-1/2